[Event "Wch U18"]
[Site "Durban"]
[Date "2014.09.23"]
[Round "6"]
[White "Ivekovic, Bozidar1111"]
[Black "De Strycker, Nathan"]
[Result "1-0"]
[WhiteElo "2299"]
[BlackElo "2133"]
[PlyCount "42"]
[EventDate "2014.09.20"]
[EventType "swiss"]
[EventRounds "11"]
[EventCountry "RSA"]
[SourceTitle "CBM 162 Extra"]
[Source "ChessBase"]
[SourceDate "2014.10.17"]
[SourceVersion "1"]
[SourceVersionDate "2014.10.17"]
[SourceQuality "1"]

1. d4 Nf6 2. c4 g6 3. Nc3 Bg7 4. Nf3 d6 5. Bg5 0-0 6. e3 Nbd7 7. Be2 c6 8. 0-0 Qc7 9. Qc2 e5 10. Rfd1 h6 11. Bh4 Re8 12. dxe5 dxe5 13. Nd2 Nh7 14. Bg3 f5 15. a3 Ndf6 16. f3 Qe7 17. e4 Ng5 18. b4 fxe4 19. Ndxe4 Nfxe4 20. Nxe4 Bf5 21. Bd3 Ne6 1-0